Land reform : land settlement and cooperatives

Uloženo v:
Podrobná bibliografie
Korporativní autor: FAO
Médium: Kniha
Jazyk:Undetermined
Vydáno: Rome Food and Agriculture Organization of the United Nations 2003
Témata:
Tagy: Přidat tag
Žádné tagy, Buďte první, kdo otaguje tento záznam!
Thư viện lưu trữ: Trung tâm Học liệu Trường Đại học Cần Thơ
LEADER 00530nam a2200193Ia 4500
001 CTU_69604
008 210402s9999 xx 000 0 und d
082 |a 333.31 
082 |b F218 
110 |a FAO 
245 0 |a Land reform : 
245 0 |b land settlement and cooperatives 
245 0 |c FAO 
260 |a Rome 
260 |b Food and Agriculture Organization of the United Nations 
260 |c 2003 
650 |a Land reform 
904 |i Trúc Phương, Năm 
980 |a Trung tâm Học liệu Trường Đại học Cần Thơ